General survey of England and Wales (Record no. 114673)

MARC details
000 -LEADER
fixed length control field 00594cam a22001935a 4500
001 - CONTROL NUMBER
control field L157246
008 - FIXED-LENGTH DATA ELEMENTS--GENERAL INFORMATION
fixed length control field 121004m18051869xxk f 000 0 eng d
035 ## - SYSTEM CONTROL NUMBER
System control number (Sirsi) u157246
041 0# - LANGUAGE CODE
Language code of text/sound track or separate title eng
110 2# - MAIN ENTRY--CORPORATE NAME
Corporate name or jurisdiction name as entry element Ordnance Survey
9 (RLIN) 1860
245 00 - TITLE STATEMENT
Title General survey of England and Wales
260 ## - PUBLICATION, DISTRIBUTION, ETC.
Place of publication, distribution, etc. London
Name of publisher, distributor, etc. W. Mudge
Date of publication, distribution, etc. [1805-1869]
300 ## - PHYSICAL DESCRIPTION
Extent 2 v.
Other physical details maps
Dimensions 66 cm.
520 ## - SUMMARY, ETC.
Summary, etc. Bound, numbered series of maps nos. 1-110 (some sheets mssing?).
583 ## - ACTION NOTE
Action Condition reviewed
Time/date of action 20120620
Status condition level 4 or 2
651 #4 - SUBJECT ADDED ENTRY--GEOGRAPHIC NAME
Geographic name England and Wales
Chronological subdivision 1543-
690 ## - LOCAL SUBJECT ADDED ENTRY--TOPICAL TERM (OCLC, RLIN)
Topical term or geographic name as entry element Geomatics
9 (RLIN) 6242
942 ## - ADDED ENTRY ELEMENTS (KOHA)
Suppress in OPAC 0
Holdings
Withdrawn status Lost status Source of classification or shelving scheme Damaged status Not for loan Home library Current library Shelving location Date acquired Total Checkouts Full call number Barcode Date last seen Copy number Price effective from Koha item type
  Missing       Historic collection Historic collection Missing 04/10/2012   FOLIO 1805 ORDNANCE VOL 2 30077737 06/08/2019 1 06/08/2019 Book
    Dewey Decimal Classification     London London Historic collection 04/10/2012   FOLIO 1805 ORDNANCE VOL 1 30077733 06/08/2019 1 06/08/2019 Book